| 000 | 00565nam a22002177a 4500 | ||
|---|---|---|---|
| 003 | OSt | ||
| 005 | 20220107122731.0 | ||
| 008 | 140226b xxu||||| |||| 00| 0 eng d | ||
| 020 | _a9789350237564 | ||
| 040 | _cIIITM-K | ||
| 082 | _a005.74 WHI/H | ||
| 100 |
_aWhite, Tom _93343 |
||
| 245 |
_aHadoop: _bThe definitive guide _cby Tom White |
||
| 250 | _a3rd ed. | ||
| 260 |
_aMumbai, _bO'Reilly, _c2012. |
||
| 300 | _axxiii, 657p. | ||
| 650 |
_aCOMPUTER SCIENCE _93344 |
||
| 650 |
_aCOMPUTER PROGRAMMING _93345 |
||
| 650 |
_aAPACHE HADOOP _93346 |
||
| 942 |
_2ddc _cBK |
||
| 999 |
_c3632 _d3632 |
||